Statistics for India A-Z

Click here to take the quiz!

General Stats

  • This quiz has been taken 27,058 times
    (17,660 since last reset)
  • The average score is 19 of 26

Answer Stats

ClueAnswer% Correct
CMost popular sportCricket
97%
HOne of India's two official languagesHindi
96%
DLargest metro areaDelhi
94%
RCurrency of IndiaRupee
93%
ZNumber "invented" in IndiaZero
89%
FDiwali: ________ of LightsFestival
88%
YIndian spiritual practice exported to
the West as a form of exercise
Yoga
87%
KRegion disputed with PakistanKashmir
86%
MTitle for Gandhi meaning "Great Soul"Mahatma
86%
EOne of India's two official languagesEnglish
85%
TLanguage of southeast IndiaTamil
83%
STraditional women's garment made
with 5-9 yards of fabric
Sari
81%
IFemale Prime Minister GandhiIndira
79%
ASea which lies to India's westArabian
78%
GGod with an elephant's headGanesha
74%
WDomesticated animal: _____ BuffaloWater
69%
JNon-violent religionJainism
66%
OVegetable often used in Indian cuisine
also known as bhindi
Okra
62%
PRegion of India and PakistanPunjab
62%
LWhat dahl is made from, oftenLentils
59%
UThe U in UPUttar
56%
NPowerful political familyNehru
54%
XSpanish missionary who traveled
to Goa: Francis ______
Xavier
54%
VThe oldest scriptures of HinduismVedas
49%
QGandhi speech: ____ IndiaQuit
38%
BTree under which Buddha
gained enlightenment
Bodhi
37%

Score Distribution

Percentile by Number Answered

Percent of People with Each Score

Your Score History

You have not taken this quiz since the last reset